Catalog

Record Details

Catalog Search



Poselství papeže Jana Pavla II. k postní době 2002 Cover Image Book Book

Poselství papeže Jana Pavla II. k postní době 2002

Record details

  • ISBN: 80-238-8867-6
  • Physical Description: 8 s. ; 20 cm
  • Publisher: Praha : Sekretariát České biskupské konference, 2002

Content descriptions

General Note:
Název z obálky
Přeloženo z italské verze latinského originálu?
Na obálce označení sv. 67
Target Audience Note:
Pro vnitřní potřebu
Subject: půst
solidarita
křesťanská etika
učení katolické církve
Solidarity
Christian ethics
Fast and feast
Catholic doctrine
Genre: papežské listy
papal documents

Available copies

  • 1 of 1 copy available at Common Catalog SPOK.

Holds

  • 0 current holds with 1 total copy.
Show Only Available Copies
Location Call Number / Copy Notes Barcode Shelving Location Status Due Date
Jabok Library EK-4.1.3 424480042315 Odborná literatura Available -

LDR 01625nam a2200469 a 4500
00145322
003CZ-PrJAB
00520190902090645.0
007tu
008020502s2002 xr e 000 i cze
015 . ‡acnb001091485
020 . ‡a80-238-8867-6 ‡q(v knize neuvedeno ; ‡qbrož.)
035 . ‡a(CZ PrNK)cpk20021091485
035 . ‡a(OCoLC)85024833
040 . ‡aABA001 ‡bcze
0411 . ‡acze ‡hita ‡hlat
072 7. ‡a27 ‡xKřesťanství. Křesťanská církev všeobecně. Eklesiologie ‡2Konspekt ‡95
080 . ‡a272-1/-9 ‡2MRF
080 . ‡a27-442.47 ‡2MRF
080 . ‡a17.026.2 ‡2MRF
080 . ‡a27-42 ‡2MRF
080 . ‡a(093.2) ‡2MRF
1102 . ‡aKatolická církev. ‡bPapež (1978-2005 : Jan Pavel II.) ‡7kn20010710508
24510. ‡aPoselství papeže Jana Pavla II. k postní době 2002
260 . ‡aPraha : ‡bSekretariát České biskupské konference, ‡c2002
300 . ‡a8 s. ; ‡c20 cm
500 . ‡aNázev z obálky
500 . ‡aPřeloženo z italské verze latinského originálu?
500 . ‡aNa obálce označení sv. 67
521 . ‡aPro vnitřní potřebu
65007. ‡apůst ‡7ph116005 ‡2czenas
65007. ‡asolidarita ‡7ph125831 ‡2czenas
65007. ‡akřesťanská etika ‡7ph138484 ‡2czenas
65007. ‡aučení katolické církve ‡7ph135482 ‡2czenas
65009. ‡aSolidarity ‡2eczenas
65009. ‡aChristian ethics ‡2eczenas
65009. ‡aFast and feast ‡2eczenas
65009. ‡aCatholic doctrine ‡2eczenas
655 7. ‡apapežské listy ‡7fd133001 ‡2czenas
655 9. ‡apapal documents ‡2eczenas
910 . ‡aABG312
995 . ‡aska
901 . ‡a45322 ‡bCZ-PrJAB ‡c45322 ‡tbiblio

Additional Resources